• 首页
  • 本馆介绍
  • 公告通知
  • 最新文献
  • 馆藏检索
  • 电子资源
  • 读者导购
  • 参考咨询
  • 我的图书馆
  • 登录
  • 详细信息显示
  • 放入我的书架
  • 预约/预借图书
  • 作者相关作品
  • 分类相关作品
  • 丛书相关作品
  • 出版社相关作品

书目信息

  • 表格格式
  • 工作单格式
  • 卡片格式
题名:
溶剂手册
    
 
作者: 程能林 编著
分册:  
出版信息: 北京   化学工业出版社  2002
页数: 1099页
开本: 26cm
丛书名:
单 册:
中图分类: TQ413-62
科图分类:
主题词: 溶剂--手册 , 溶剂
电子资源:
ISBN: 7-5025-4002-4
000 00936nam0 2200265 450
001 012007361463
005 20070619082620.29
010    @a7-5025-4002-4@b精装@dCNY148.00
100    @a20070509d2002 km y0chiy0120 ea
101 0  @achi
102    @aCN@b110000
105    @ay z 001yy
106    @ar
200 1  @a溶剂手册@Arong ji shou ce@f程能林编著@Fcheng neng lin bian zhu
205    @a3版@b修订版
210    @a北京@c化学工业出版社@d2002
215    @a1099页@d26cm
330    @a本书分总论和各论两大部分,总论共五章,概要地介绍了溶剂的概念、分类、各种性质、纯度与精制、安全使用、处理以及溶剂的综合利用;各论分十二章,按官能团分类介绍760种溶剂,重点介绍每种溶剂的理化性质、溶剂性能、精制方法、用途及使用注意事项等。
510 1  @aSolvents handbook@zeng
606 0  @a溶剂@j手册
606 0  @a溶剂
690    @aTQ413-62@v4
701  0 @a程能林@Acheng neng lin@4编著
801  0 @aCN@bRULIN@c20070619
905    @dTQ413-62@e4=3@s8
    
    溶剂手册/程能林编著.-3版,修订版.-北京:化学工业出版社,2002
    1099页;26cm
    
    
    ISBN 7-5025-4002-4(精装):CNY148.00
    本书分总论和各论两大部分,总论共五章,概要地介绍了溶剂的概念、分类、各种性质、纯度与精制、安全使用、处理以及溶剂的综合利用;各论分十二章,按官能团分类介绍760种溶剂,重点介绍每种溶剂的理化性质、溶剂性能、精制方法、用途及使用注意事项等。
●
相关链接 在E读中查询图书 在五车中查询图书 在当当中查询图书 在豆瓣中查询图书


正题名:溶剂手册     索取号:TQ413-62/4=3         预约/预借

序号 登录号 条形码 馆藏地/架位号 状态 备注
1 0574151   205741517   第二样本阅览室/ [索取号:TQ413-62/4=3] 在馆    
2 0574152   205741526   密集书库/ [索取号:TQ413-62/4=3] 在馆    
3 0574153   205741535   密集书库/ [索取号:TQ413-62/4=3] 在馆    
4 0574154   205741544   第三借阅区/ [索取号:TQ413-62/4=3] 在馆    
5 0574155   205741553   第三借阅区/ [索取号:TQ413-62/4=3] 在馆    
6 0574156   205741562   密集书库/ [索取号:TQ413-62/4=3] 在馆    
7 0574157   205741571   密集书库/ [索取号:TQ413-62/4=3] 在馆    
8 0574158   205741580   密集书库/ [索取号:TQ413-62/4=3] 在馆    
唐山师范学院图书馆 欢迎您!
大连网信软件有限公司© 版权所有